Click quiz préparations d'œufs - Statistiques

Statistiques générales
  • Ce quiz a été pris 493 fois
    455 depuis la dernière actualisation
  • Le résultat moyen est 8 sur 9
Statistiques - réponses
Hint Réponse % Correct
Œuf de 100 ans
96%
Œufs au plat
94%
Œuf à la coque
94%
Œuf dur
93%
Œufs brouillés
93%
Œufs poché
84%
Œuf orsini (ou œuf nuage)
80%
Œuf mollet
74%
Œufs cocotte
66%
Aucun quiz correspondant
Distribution des résultats
% des personnes avec chaque résultat
Percentile par nombre de réponses
Votre historique - résultats
Vous n’avez pas pris ce quiz depuis la dernière actualisation